Essential Molecular Biology. (Record no. 6995)

MARC details
000 -LEADER
fixed length control field 00571nam a22002057a 4500
003 - CONTROL NUMBER IDENTIFIER
control field OSt
005 - DATE AND TIME OF LATEST TRANSACTION
control field 20210604163736.0
008 - FIXED-LENGTH DATA ELEMENTS--GENERAL INFORMATION
fixed length control field 160513b xxu||||| |||| 00| 0 eng d
020 ## - INTERNATIONAL STANDARD BOOK NUMBER
International Standard Book Number 0199636443
040 ## - CATALOGING SOURCE
Transcribing agency DDC.
082 ## - DEWEY DECIMAL CLASSIFICATION NUMBER
Classification number 572.8ESS 2001.
100 ## - MAIN ENTRY--PERSONAL NAME
Personal name Edited by Brown,T.A;
9 (RLIN) 8742
245 ## - TITLE STATEMENT
Title Essential Molecular Biology.
Remainder of title Practical approach.
250 ## - EDITION STATEMENT
Edition statement 2nd ed. Vol Two
260 ## - PUBLICATION, DISTRIBUTION, ETC. (IMPRINT)
Place of publication, distribution, etc. Uk.
Name of publisher, distributor, etc. Oxford University Press.
Date of publication, distribution, etc. 2000.
300 ## - PHYSICAL DESCRIPTION
Extent xx,289p;
Other physical details ill.
Dimensions 26cm.
504 ## - BIBLIOGRAPHY, ETC. NOTE
Bibliography, etc Appendix and index are included.
650 ## - SUBJECT ADDED ENTRY--TOPICAL TERM
Topical term or geographic name as entry element Biology.
9 (RLIN) 5602
942 ## - ADDED ENTRY ELEMENTS (KOHA)
Source of classification or shelving scheme Dewey Decimal Classification
Koha item type Open Shelf
Holdings
Withdrawn status Lost status Source of classification or shelving scheme Damaged status Not for loan Home library Current library Date acquired Source of acquisition Inventory number Total Checkouts Full call number Barcode Date last seen Price effective from Koha item type
    Dewey Decimal Classification     MUST Main Library MUST Main Library 04/06/2021 Purchase 05/23162   572.8ESS 2001. 2021-0665 04/06/2021 04/06/2021 Open Shelf